000 00921nam a2200241 a 4500
001 79381
003 BD-RjUL
005 20220418110803.0
008 220215s2009 bg a|||| m||| 00| 0 eng d
035 _a(BD-RjUL)79381
040 _aBD-RjUL
_beng
_dBD-RjUL
041 _aeng
082 _223
_a158.4
_bELL 2009
100 _aElias, Md. Shamsuddin
_91216
245 1 0 _aLeadership Styles, Gender Roles and Institutional Effectiveness :
_bA Comparative Study /
_cMd. Shamsuddin Elias ;
_6Supervisor : A. B. M. Zahirul Haque
260 _aRajshahi :
_bDepartment of Psychology, University of Rajshahi,
_c2009
300 _a[12], iii, leaves 101 :
_bill ;
_c29 cm.
502 _aThesis (M. phil.)-- Department of Psychology, Rajshahi University, 2009
504 _aReferences : leaves 67-83
650 _aLeadership
_xPsychological aspects
_91336
700 _aHaque, A. B. M. Zahirul, Supervisor
_91217
942 _2ddc
_cTHE
999 _c79381
_d79381